International standard bibliographic description (ISBD) (Record no. 975759)

MARC details
000 -LEADER
fixed length control field 01048nam a2200277Ia 4500
003 - CONTROL NUMBER IDENTIFIER
control field OSt
005 - DATE AND TIME OF LATEST TRANSACTION
control field 20221005070135.0
008 - FIXED-LENGTH DATA ELEMENTS--GENERAL INFORMATION
fixed length control field 221004b |||||||| |||| 00| 0 eng d
020 ## - INTERNATIONAL STANDARD BOOK NUMBER
International Standard Book Number 9783598242809 (hbk)
037 ## - SOURCE OF ACQUISITION
Terms of availability Textual
040 ## - CATALOGING SOURCE
Original cataloging agency CRL
Transcribing agency CRL
Language of cataloging eng
041 ## - LANGUAGE CODE
Source of code eng
Language code of text/sound track or separate title eng
110 ## - MAIN ENTRY--CORPORATE NAME
Corporate name or jurisdiction name as entry element Recommended by the ISBD review group; Standing committee of the IFLA Cataloguing section
9 (RLIN) 605383
245 #0 - TITLE STATEMENT
Title International standard bibliographic description (ISBD)
250 ## - EDITION STATEMENT
Edition statement Prelimunary consolidated
260 ## - PUBLICATION, DISTRIBUTION, ETC.
Place of publication, distribution, etc. Munchen
Name of publisher, distributor, etc. K.G. Saur Germany
Date of publication, distribution, etc. 2007
490 ## - SERIES STATEMENT
Series statement IFLA series on bibliographic control; Vol. 31
650 ## - SUBJECT ADDED ENTRY--TOPICAL TERM
Topical term or geographic name entry element LIBRARY SCIENCE
700 ## - ADDED ENTRY--PERSONAL NAME
Personal name Recommended by the ISBD review group; Standing committee of the IFLA Cataloguing section
9 (RLIN) 605384
942 ## - ADDED ENTRY ELEMENTS (KOHA)
Classification part 2:55, P7 (2D)
Koha item type Textual
Source of classification or shelving scheme
Holdings
Withdrawn status Lost status Damaged status Not for loan Home library Current library Date acquired Source of acquisition Cost, normal purchase price Total Checkouts Full call number Barcode Date last seen Cost, replacement price Price effective from Koha item type Public note
        Central Library Central Library 2022-10-05 2659, 10/02/2009, Allied Publishers Pvt. Ltd. 5285.27   2:55 P7 (2D) CL1448243 2022-10-05 5285.27 2022-10-05 Textual Available with Deptt of Lib Sc
Copyright @ Delhi University Library System